The crisis of extreme inequality in India (Record no. 519362)

000 -LEADER
fixed length control field 01638nam a22001577a 4500
008 - FIXED-LENGTH DATA ELEMENTS--GENERAL INFORMATION
fixed length control field 220302b ||||| |||| 00| 0 eng d
100 ## - MAIN ENTRY--PERSONAL NAME
Personal name Anand, Ishan and Thampi, Anjana
245 ## - TITLE STATEMENT
Title The crisis of extreme inequality in India
260 ## - PUBLICATION, DISTRIBUTION, ETC. (IMPRINT)
Place of publication, distribution, etc The Indian Journal of Labour Economics
300 ## - PHYSICAL DESCRIPTION
Extent 64(3), Jul-Sep, 2021: p.663-683
520 ## - SUMMARY, ETC.
Summary, etc The Covid-19 pandemic and the lockdowns have exposed and exacerbated the crisis of extreme inequalities in India. Using multiple nationally representative sample surveys, we analyse various dimensions of inequality in the labour market and in the access to basic amenities. We briefly indicate our most striking findings. Substantial gaps in earnings by gender, caste and area of residence persist. On average, female earnings were 63% of male earnings, earnings of the Scheduled Castes were 55% of the earnings of the relatively advantaged social groups, and rural earnings were only half of urban earnings in 2018–2019. About 905 million people did not have access to piped water, 287 million did not have access to toilets, 127 million lived in rented accommodations, and one-fourth of the population lived in single-room dwellings in 2017–2018. The implications of the long-term neglect of the public healthcare system and the disparities in the access to education are discussed. The evidence highlights the need for a new paradigm of development—one that puts redistribution at the heart of its agenda. – Reproduced
650 ## - SUBJECT ADDED ENTRY--TOPICAL TERM
Topical term or geographic name as entry element Inequality, India, Earnings, Labour.
9 (RLIN) 30280
773 ## - HOST ITEM ENTRY
Main entry heading The Indian Journal of Labour Economics
906 ## - LOCAL DATA ELEMENT F, LDF (RLIN)
Subject DIP INEQUALITY
942 ## - ADDED ENTRY ELEMENTS (KOHA)
Item type Articles
Holdings
Withdrawn status Lost status Source of classification or shelving scheme Damaged status Not for loan Permanent location Current location Date acquired Serial Enumeration / chronology Barcode Date last seen Koha item type
          Indian Institute of Public Administration Indian Institute of Public Administration 2022-03-02 64(3), Jul-Sep, 2021: p.663-683 AR126287 2022-03-02 Articles

Powered by Koha